书目信息 |
| 题名: |
化学习题分析和题解
|
|
| 作者: | 李惠霄 , 殷宝忠 编写 | |
| 分册: | ||
| 出版信息: | 济南 山东科学技术出版社 1981 |
|
| 页数: | 293页 | |
| 开本: | 19cm | |
| 丛书名: | ||
| 单 册: | ||
| 中图分类: | O6-44 , G633.8 | |
| 科图分类: | ||
| 主题词: | 化学--解题 | |
| 电子资源: | ||
| ISBN: | ||
| 000 | 00710nam0 2200265 45 | |
| 001 | 0181005265 | |
| 005 | 20040430084729.1 | |
| 010 | @dCNY0.80 | |
| 091 | @a13195.42 | |
| 100 | @a19950420d1981 em y0chiy0121 ea | |
| 101 | 0 | @achi |
| 102 | @aCN@b370000 | |
| 105 | @ay q 000yy | |
| 106 | @ar | |
| 200 | 10 | @a化学习题分析和题解@Ahua xue xi ti fen xi he ti jie@f李惠霄,殷宝忠编写 |
| 210 | @a济南@c山东科学技术出版社@d1981 | |
| 215 | @a293页@d19cm | |
| 606 | @a化学@x解题 | |
| 690 | @aO6-44@v3 | |
| 690 | @aG633.8 | |
| 701 | 0 | @a李惠霄@Ali hui xiao@4编写 |
| 701 | 0 | @a殷宝忠@Ayin bao zhong@4编写 |
| 801 | 0 | @aCN@b上海图书馆@c20040430 |
| 801 | 2 | @aCN@bNLC@c20040430 |
| 905 | @f1@b159186@dG633.8@e60 | |
| 化学习题分析和题解/李惠霄,殷宝忠编写.-济南:山东科学技术出版社,1981 |
| 293页;19cm |
| ISBN :CNY0.80 |
| ● |
| 相关链接 |
|
|
|
|
正题名:化学习题分析和题解
索取号:G633.8/60
 
预约/预借
| 序号 | 登录号 | 条形码 | 馆藏地/架位号 | 状态 | 备注 |
| 1 | 0159186 | 000609666 | 密集书库/ [索取号:G633.8/60] | 在馆 | |
| 2 | 0159187 | 002067079 | 第一样本阅览室/ [索取号:G633.8/60] | 在馆 |